00472nam a22001697a 4500003000400000005001700004008004100021020001800062040000900080050002700089100002700116245006500143250001200208260003000220300001900250650003300269OSt20180322094003.0180322b xxu||||| |||| 00| 0 eng d a9788180386763 cKABU aKNS 540b.S29 2011 C.1 4Saxena, Pradhan Poonam aFamily law lectures bFamily law 11cPoonam Pradhan Saxena  a3rd ed. aIndia bLexisNexis c2011 alxxxiii, 620p. aDomestics relations zIndia